| 000 | 00686 a2200205 4500 | ||
|---|---|---|---|
| 020 | _a1584887052 | ||
| 020 | _a9781584887058 | ||
| 082 | 0 | 4 | _a539.7216 |
| 090 |
_c834 _d834 |
||
| 100 | _aMacGregor, I.J. Douglas. | ||
| 245 | 1 | 0 |
_aHadron physics / _cI.J. Douglas MacGregor, Ralf Kaiser. |
| 260 |
_a[S.l.] : _bTaylor & Francis, _c2006. |
||
| 300 |
_a474 p. ; _c24 cm. |
||
| 490 | 1 | _aScottish graduate series. | |
| 700 | 1 | _aMacGregor, I.J. Douglas. | |
| 700 | 1 | _aKaiser, Ralf. | |
| 830 | 0 | _aScottish graduate series. | |
| 942 |
_aSNS _cBK _k539.7216 MAC |
||
| 999 |
_c29458 _d29458 |
||